000 00550nam a22001697a 4500
001 45656
003 BD-DhUET
008 260422b xxu||||| |||| 00| 0 eng d
040 _c0
_dBD-DhUET
100 _aSahara Sharmin
245 _aAnalysis of mechanical properties of dissimilar material welds and on-line defect detection by metal inert gas welding
260 _aDhaka
_b Department of Industrial & Production Engineering, BUET
_c2025
300 _aix,79p.
501 _aOne CD-ROM
504 _aIncludes bibliographies
942 _cTH
999 _c45656
_d45656